[Event "XIV Weekend A"]
[Site "Porto Sant'Elpidio ITA"]
[Date "2011.11.20"]
[Round "3"]
[White "Sagripanti, Michele"]
[Black "Briffault, Philippe"]
[Result "1/2-1/2"]
[WhiteElo "1987"]
[BlackElo "1962"]
[PlyCount "175"]
[EventDate "2011.11.19"]

1. e4 Nf6 2. e5 Nd5 3. d4 d6 4. Nf3 Bg4 5. Be2 e6 6. O-O Be7 7. Re1 O-O 8. Nbd2
Bf5 9. Nf1 c5 10. c3 Nc6 11. exd6 Bxd6 12. Qb3 Qc7 13. Be3 Nxe3 14. Nxe3 Be4
15. dxc5 Bxc5 16. Qc4 Bxf3 17. Qxc5 Bxe2 18. Rxe2 Rad8 19. Qg5 Qe7 20. Qg3 Rd7
21. h4 Rfd8 22. Rae1 Rd3 23. Qf4 Qd6 24. Qg5 Qe7 25. Qg4 Qf6 26. Qg3 h5 27. f3
g6 28. Nc4 Kg7 29. Ne5 Nxe5 30. Rxe5 R8d5 31. R5e2 Ra5 32. a3 Rad5 33. Kf1 Qd8
34. Qf4 Rf5 35. Qe4 Qd6 36. Qxb7 Qh2 37. Qxa7 Qh1+ 38. Qg1 Qxh4 39. Re3 Rd2 40.
R3e2 Qc4 41. Qe3 Rxb2 42. Kg1 Rb3 43. Qa7 Qc5+ 44. Qxc5 Rxc5 45. Ra1 Rbxc3 46.
Rea2 g5 47. a4 Ra5 48. Kf2 f5 49. Ra3 Rc2+ 50. Kg3 f4+ 51. Kh3 Kf6 52. g3 fxg3
53. Kxg3 h4+ 54. Kh3 Kf5 55. Rb1 e5 56. Rb8 Rc4 57. Rf8+ Kg6 58. Rg8+ Kf6 59.
Rf8+ Kg6 60. Rg8+ Kh6 61. Rh8+ Kg7 62. Re8 Rcxa4 63. Rxa4 Rxa4 64. Rxe5 Kf6 65.
Rb5 Rf4 66. Kg2 Rf5 67. Rb6+ Ke5 68. Rb5+ Kf4 69. Rb4+ Ke5 70. Rb5+ Kf6 71.
Rb6+ Kg7 72. Rc6 Rf6 73. Rc7+ Kg6 74. Rc5 h3+ 75. Kxh3 Rxf3+ 76. Kg4 Rf4+ 77.
Kg3 Rf6 78. Kg4 Rf4+ 79. Kg3 Ra4 80. Rc3 Kh5 81. Kh3 Ra1 82. Kg3 Rg1+ 83. Kh3
g4+ 84. Kh2 Ra1 85. Kg3 Rg1+ 86. Kh2 Rf1 87. Kg3 Rh1 88. Rc5+ 1/2-1/2

[Event "XIV Weekend A"]
[Site "Porto Sant'Elpidio ITA"]
[Date "2011.11.20"]
[Round "3"]
[White "Viviani, Alessio"]
[Black "Di Lascio, Savino"]
[Result "1-0"]
[WhiteElo "2028"]
[BlackElo "2015"]
[PlyCount "75"]
[EventDate "2011.11.19"]

1. d4 Nf6 2. c4 c5 3. d5 b5 4. cxb5 a6 5. b6 g6 6. Nc3 d6 7. e4 Bg7 8. Nf3 O-O
9. Be2 Nbd7 10. O-O Qxb6 11. Nd2 Bb7 12. Nc4 Qc7 13. a4 Rfb8 14. Qc2 e6 15.
dxe6 fxe6 16. Bf4 e5 17. Bg5 Nf8 18. Bxf6 Bxf6 19. Bg4 Rd8 20. a5 Rab8 21. Nb6
Qf7 22. Ncd5 Kg7 23. f4 exf4 24. Rxf4 Bxd5 25. Nxd5 Rxb2 26. Qc4 Rb4 27. Qf1
Bd4+ 28. Kh1 Qb7 29. Nxb4 cxb4 30. Rb1 Be5 31. Rf3 Qxe4 32. Rf7+ Kg8 33. Bh3
Qd5 34. Re7 Kh8 35. Re1 Qc6 36. Qf7 Qc3 37. R1xe5 Qxe5 38. Rxe5 1-0

[Event "XIV Weekend A"]
[Site "Porto Sant'Elpidio ITA"]
[Date "2011.11.26"]
[Round "4"]
[White "Briffault, Philippe"]
[Black "Balzano, Filli"]
[Result "0-1"]
[WhiteElo "1962"]
[BlackElo "1840"]
[PlyCount "100"]
[EventDate "2011.11.19"]

1. d4 d5 2. c4 c6 3. Nf3 Nf6 4. Nc3 dxc4 5. a4 Bf5 6. e3 e6 7. Bxc4 Bb4 8. O-O
Nbd7 9. Qe2 O-O 10. e4 Bg6 11. Nh4 Bh5 12. f3 Nb6 13. Be3 Bxc3 14. bxc3 Nxe4
15. Bd3 Qxh4 16. Bxe4 Qxe4 17. g4 Bxg4 18. fxg4 Nd5 19. Rfe1 Nxc3 20. Qg2 Qxg2+
21. Kxg2 Rfd8 22. Ra3 Nd5 23. Bf2 Nf6 24. h3 Rd5 25. Rb1 b6 26. Rc1 Rc8 27.
Rac3 Rd6 28. Kf3 h6 29. Rc4 Kh7 30. a5 b5 31. Rc5 a6 32. Bg3 Rxd4 33. Rxc6 Rd3+
34. Kg2 Ra8 35. Rc7 Kg6 36. Rb7 Nd5 37. h4 f6 38. Rc6 Ne3+ 39. Kg1 Nxg4 40. Bb8
Rd8 41. Ba7 Rd1+ 42. Kg2 e5 43. Rxa6 Rc8 44. Rxb5 Rc2+ 45. Kf3 Nh2+ 46. Ke3
Nf1+ 47. Kf3 Rc3+ 48. Kg2 Rd2+ 49. Kg1 Rc1 50. Bf2 Ne3+ 0-1

[Event "XIV Weekend A"]
[Site "Porto Sant'Elpidio ITA"]
[Date "2011.11.26"]
[Round "4"]
[White "Foglia, Maurizio"]
[Black "Rinaudo, Andrea"]
[Result "1-0"]
[WhiteElo "2163"]
[BlackElo "2097"]
[PlyCount "61"]
[EventDate "2011.11.19"]

1. d4 d5 2. Nf3 Nf6 3. g3 e6 4. Bg2 Be7 5. O-O O-O 6. c4 c5 7. cxd5 Nxd5 8.
dxc5 Bxc5 9. a3 a5 10. e4 Nf6 11. Qc2 Na6 12. e5 Nd5 13. Ng5 f5 14. exf6 Nxf6
15. Nc3 h6 16. Nge4 Bd4 17. Rd1 Nxe4 18. Nxe4 Qb6 19. Rxd4 Qxd4 20. Be3 Qd7 21.
Rd1 Qe7 22. Qd2 e5 23. Qxa5 Bg4 24. Re1 Bf3 25. Bxf3 Rxf3 26. Qd5+ Rf7 27. Nd6
Nc7 28. Qxf7+ Qxf7 29. Nxf7 Kxf7 30. Bc5 Ke6 31. f4 1-0

[Event "XIV Weekend A"]
[Site "Porto Sant'Elpidio ITA"]
[Date "2011.11.26"]
[Round "4"]
[White "Guglielmi, Dante"]
[Black "Di Lascio, Savino"]
[Result "0-1"]
[WhiteElo "1856"]
[BlackElo "2015"]
[PlyCount "80"]
[EventDate "2011.11.19"]

1. c4 Nf6 2. Nc3 e5 3. g3 d5 4. cxd5 Nxd5 5. Bg2 Nb6 6. Nf3 Nc6 7. O-O Be7 8.
a3 h5 9. b4 Bf6 10. Ne4 Be7 11. b5 Nd4 12. Nxe5 Be6 13. Rb1 h4 14. e3 Nf5 15.
Qc2 hxg3 16. hxg3 Bd6 17. Bb2 Bxe5 18. Bxe5 Bc4 19. Qc3 Bxf1 20. Rxf1 Nd5 21.
Qc4 f6 22. Bb2 Nfe7 23. Nc5 Rb8 24. Qg4 Rh7 25. Be4 g6 26. Bxg6+ Nxg6 27. Qxg6+
Rf7 28. Kg2 Ne7 29. Qe4 Qxd2 30. Bd4 Qa2 31. Nxb7 Qd5 32. Qxd5 Nxd5 33. Nc5
Rxb5 34. e4 Nb6 35. Rc1 Ra5 36. Bb2 Na4 37. Nxa4 Rxa4 38. f3 Kd7 39. Kf2 Kd6
40. Bd4 Rxd4 0-1

[Event "XIV Weekend A"]
[Site "Porto Sant'Elpidio ITA"]
[Date "2011.11.26"]
[Round "4"]
[White "Marsili, Riccardo"]
[Black "Pierantozzi, Stanislao"]
[Result "1-0"]
[WhiteElo "2052"]
[BlackElo "1986"]
[PlyCount "91"]
[EventDate "2011.11.19"]

1. e4 e5 2. Nf3 Nc6 3. Bb5 a6 4. Ba4 Nf6 5. d4 b5 6. Bb3 Nxe4 7. O-O d5 8. Re1
Be6 9. dxe5 Bc5 10. Be3 Bxe3 11. Rxe3 Nc5 12. Nd4 Nxd4 13. Qxd4 Nxb3 14. cxb3
O-O 15. Nd2 c6 16. Rc1 Bd7 17. Nf3 Qe7 18. Rec3 Rfe8 19. Re3 Rac8 20. b4 Bf5
21. Qc5 Qxc5 22. Rxc5 Bd7 23. Nd4 Kf8 24. f4 Ra8 25. Nxc6 Bxc6 26. Rxc6 a5 27.
bxa5 Rxa5 28. a3 Ra4 29. b4 Rea8 30. Rd6 Rxa3 31. Rxa3 Rxa3 32. Rxd5 Ke7 33.
Rxb5 Ke6 34. Rb7 h5 35. Kf2 Rb3 36. b5 h4 37. b6 h3 38. g4 g6 39. Rb8 Kd5 40.
b7 Ke4 41. f5 g5 42. e6 Rf3+ 43. Ke2 fxe6 44. fxe6 Rb3 45. e7 Rb2+ 46. Kd1 1-0

[Event "XIV Weekend A"]
[Site "Porto Sant'Elpidio ITA"]
[Date "2011.11.26"]
[Round "4"]
[White "Medorini, Massimiliano"]
[Black "Giobbi, Costantino"]
[Result "1/2-1/2"]
[WhiteElo "1892"]
[BlackElo "1882"]
[PlyCount "63"]
[EventDate "2011.11.19"]

1. e4 d6 2. d4 e5 3. Nf3 Nf6 4. dxe5 Nxe4 5. Bc4 Nc5 6. O-O Be6 7. Bg5 Qd7 8.
Bxe6 Nxe6 9. exd6 Bxd6 10. Re1 O-O 11. Nc3 Bb4 12. Be3 Qxd1 13. Rexd1 Nc6 14.
Ng5 Nxg5 15. Bxg5 Bxc3 16. bxc3 f6 17. Bf4 Rf7 18. Rd3 Re8 19. Rad1 Rfe7 20.
Kf1 Ne5 21. Rd4 Re6 22. Bxe5 Rxe5 23. Rc4 R5e7 24. f3 h6 25. Rd2 Kf8 26. Kf2
Kf7 27. f4 c6 28. g3 Re4 29. Rcd4 Re3 30. R4d3 Re1 31. Rd7+ R1e7 32. R7d4
1/2-1/2

[Event "XIV Weekend A"]
[Site "Porto Sant'Elpidio ITA"]
[Date "2011.11.26"]
[Round "4"]
[White "Mircoli, Filippo"]
[Black "Iori, Massimiliano"]
[Result "1/2-1/2"]
[WhiteElo "1735"]
[BlackElo "1981"]
[PlyCount "82"]
[EventDate "2011.11.19"]

1. e4 e5 2. Nf3 Nf6 3. d4 Nxe4 4. Bd3 d5 5. Nxe5 Bd6 6. O-O O-O 7. c4 c6 8. Nc3
Nxc3 9. bxc3 Bxe5 10. dxe5 Nd7 11. f4 dxc4 12. Bxc4 Nb6 13. Bb3 Qxd1 14. Rxd1
Bg4 15. Rd4 Rad8 16. Ba3 Rxd4 17. Bxf8 Rxf4 18. Bd6 Be6 19. Re1 Nd7 20. g3 Rf3
21. c4 Rd3 22. Kf2 Rd2+ 23. Kg1 Nf8 24. Bb4 Rd3 25. Kf2 Nd7 26. Bd6 Rd2+ 27.
Kg1 c5 28. Ba4 b6 29. Bxd7 Bxd7 30. Bb8 Kf8 31. Bxa7 Rb2 32. Rd1 Be6 33. Rd6
Bxc4 34. Bxb6 Rxa2 35. Bxc5 Ke8 36. Be3 Ra1+ 37. Kf2 Ke7 38. Rd2 h6 39. Bf4 g5
40. Be3 Be6 41. Bc5+ Ke8 1/2-1/2

[Event "XIV Weekend A"]
[Site "Porto Sant'Elpidio ITA"]
[Date "2011.11.26"]
[Round "4"]
[White "Rinaudo, Sergio"]
[Black "Viviani, Alessio"]
[Result "1-0"]
[WhiteElo "2141"]
[BlackElo "2028"]
[PlyCount "35"]
[EventDate "2011.11.19"]

1. d4 Nf6 2. Nf3 g6 3. Nbd2 d5 4. Nb3 Bg7 5. Bf4 O-O 6. h3 b6 7. e3 Ba6 8. Bxa6
Nxa6 9. Qe2 Qc8 10. c4 c5 11. Rc1 Qb7 12. O-O dxc4 13. Rxc4 Ne4 14. dxc5 Naxc5
15. Nxc5 Nxc5 16. b4 Na4 17. Qc2 Qa6 18. b5 1-0

[Event "XIV Weekend A"]
[Site "Porto Sant'Elpidio ITA"]
[Date "2011.11.27"]
[Round "5"]
[White "Borgiani, Flavio"]
[Black "Rinaudo, Sergio"]
[Result "1/2-1/2"]
[WhiteElo "2162"]
[BlackElo "2141"]
[PlyCount "204"]
[EventDate "2011.11.19"]

1. e4 e5 2. Nc3 Nf6 3. g3 d5 4. exd5 Nxd5 5. Bg2 Nxc3 6. bxc3 Bd6 7. Ne2 O-O 8.
O-O c6 9. d3 Bg4 10. h3 Be6 11. c4 Nd7 12. f4 Qb6+ 13. Kh1 exf4 14. Bxf4 Qc7
15. Qd2 Rad8 16. Rae1 Rfe8 17. Bg5 f6 18. Bf4 Bf7 19. Qc3 Re7 20. d4 Rde8 21.
c5 Bxf4 22. Nxf4 g5 23. Rxe7 Rxe7 24. d5 cxd5 25. Nxd5 Bxd5 26. Bxd5+ Kg7 27.
Qf3 Qxc5 28. Bxb7 Qxc2 29. Bc6 Qg6 30. Qa3 Qf7 31. Qd6 Ne5 32. Bd5 Rd7 33. Bxf7
Rxd6 34. Bb3 Rd2 35. Kg1 Kg6 36. Rf2 Rxf2 37. Kxf2 f5 38. Ke3 Kf6 39. Bd1 Nd7
40. Kd4 Ne5 41. Ke3 Ke6 42. Bb3+ Kf6 43. Bd1 Ng6 44. Kd4 f4 45. gxf4 gxf4 46.
Ke4 Kg5 47. Bg4 a5 48. a4 Kh4 49. Kf3 Kg5 50. Ke4 Nh4 51. Bc8 h5 52. Ba6 Ng2
53. Bf1 Ne3 54. Ba6 Nd1 55. Bb5 Nc3+ 56. Kf3 Kf5 57. Be8 h4 58. Bc6 Nd1 59. Be8
Ne3 60. Bd7+ Ke5 61. Bb5 Kf5 62. Bd7+ Kg5 63. Ke4 Nc4 64. Bg4 Nd2+ 65. Kd3 Nf1
66. Ke2 Ne3 67. Bc8 Nd5 68. Bd7 Nf6 69. Bc8 Nd5 70. Bd7 Kf6 71. Kf3 Ke5 72. Bc6
Ne3 73. Be4 Nf5 74. Bb7 Nd6 75. Bc6 Kf5 76. Bd7+ Kg5 77. Bb5 Nf7 78. Ke4 Nd6+
79. Kf3 Nc8 80. Ke4 Ne7 81. Bd7 Ng8 82. Be6 Nf6+ 83. Kf3 Nh5 84. Bg4 Ng3 85.
Bd7 Nf1 86. Kf2 Nd2 87. Ke2 Ne4 88. Kf3 Nc5 89. Bb5 Kf5 90. Be8 Nb3 91. Bd7+
Ke5 92. Be8 Nd4+ 93. Kf2 Ke4 94. Bg6+ Kd5 95. Be8 Kc4 96. Bd7 Kb4 97. Be8 Kb3
98. Bd7 Kb4 99. Be8 Ne6 100. Kf3 Ng5+ 101. Kg4 Ne4 102. Kxf4 Nf2 1/2-1/2

[Event "XIV Weekend A"]
[Site "Porto Sant'Elpidio ITA"]
[Date "2011.11.27"]
[Round "5"]
[White "Di Lascio, Savino"]
[Black "Mazzarini, Daniele"]
[Result "0-1"]
[WhiteElo "2015"]
[BlackElo "1880"]
[PlyCount "172"]
[EventDate "2011.11.19"]

1. Nf3 Nf6 2. g3 g6 3. b4 Bg7 4. Bb2 O-O 5. Bg2 c6 6. c4 Qb6 7. a3 a5 8. c5 Qc7
9. O-O axb4 10. axb4 Rxa1 11. Bxa1 Na6 12. Qa4 Nd5 13. Bxg7 Kxg7 14. b5 cxb5
15. Qxb5 Qxc5 16. Qb2+ Nf6 17. Nc3 Kg8 18. Rb1 d6 19. d4 Qh5 20. Qd2 Nc7 21. e4
Bg4 22. Ne1 Rb8 23. Nd3 Qa5 24. h3 Bd7 25. Qb2 b5 26. e5 Bf5 27. Ra1 Qb6 28.
Nb4 dxe5 29. dxe5 Nd7 30. Ncd5 Nxd5 31. Nxd5 Qd8 32. Qb4 Kg7 33. Nxe7 Nxe5 34.
f4 Qb6+ 35. Kh2 Nd7 36. Nxf5+ gxf5 37. Rc1 Qe3 38. Rc7 Nf6 39. Re7 Qd3 40. Qb2
b4 41. Re5 Rb5 42. g4 fxg4 43. Rg5+ Rxg5 44. fxg5 g3+ 45. Kg1 Qe3+ 46. Kf1 Qd3+
47. Kg1 Qe3+ 48. Kf1 Qxg5 49. Qxb4 Qf5+ 50. Kg1 Qf2+ 51. Kh1 h5 52. Qc3 Qf4 53.
Bf3 h4 54. Kg2 Kg6 55. Qc2+ Qf5 56. Qe2 Kg5 57. Qd2+ Qf4 58. Qa5+ Kg6 59. Qc3
Qd6 60. Qc2+ Kg7 61. Qc3 Qb6 62. Qd2 Qc5 63. Qb2 Qf2+ 64. Qxf2 gxf2 65. Kxf2
Kg6 66. Bc6 Kg5 67. Kf3 Nh5 68. Kg2 Nf4+ 69. Kh2 Kf5 70. Bd7+ Ke4 71. Bc6+ Ke3
72. Bd7 Kf2 73. Bf5 Ne2 74. Bd7 Nd4 75. Bc8 f5 76. Bd7 f4 77. Bc8 f3 78. Bb7
Ke1 79. Kh1 f2 80. Bg2 f1=Q+ 81. Bxf1 Kxf1 82. Kh2 Kf2 83. Kh1 Kg3 84. Kg1 Kxh3
85. Kh1 Nf5 86. Kg1 Ng3 0-1

[Event "XIV Weekend A"]
[Site "Porto Sant'Elpidio ITA"]
[Date "2011.11.27"]
[Round "5"]
[White "Giobbi, Costantino"]
[Black "Briffault, Philippe"]
[Result "1/2-1/2"]
[WhiteElo "1882"]
[BlackElo "1962"]
[PlyCount "99"]
[EventDate "2011.11.19"]

1. b3 Nf6 2. Bb2 g6 3. Bxf6 exf6 4. d4 Bg7 5. Nf3 O-O 6. e3 d6 7. Bd3 f5 8. O-O
Re8 9. Nbd2 d5 10. Rc1 c6 11. c4 Nd7 12. cxd5 cxd5 13. Qc2 Nf8 14. b4 Ne6 15.
g3 Qd6 16. Qb3 Bf8 17. Rb1 Bd7 18. Ne5 Rec8 19. Nxd7 Qxd7 20. Rfc1 Rc6 21. Kg2
Qd6 22. b5 Rcc8 23. h4 h5 24. Be2 Qd7 25. Bf3 Rd8 26. Rc2 Be7 27. Qd3 Ng7 28.
Rbc1 Ne8 29. Nb1 Rab8 30. Nc3 Nf6 31. Ne2 Bd6 32. Qb3 Qe6 33. Nc3 Bf8 34. Na4
Ne4 35. b6 axb6 36. Nxb6 Kg7 37. Rb1 Be7 38. Qd3 Rd6 39. Rcb2 Rc6 40. Na4 b6
41. Rb3 Bd8 42. Nc3 Rbc8 43. Ne2 Rc2 44. R1b2 R2c6 45. Nf4 Qd6 46. Qb5 Nc3 47.
Qd3 Ne4 48. Qb5 Nc3 49. Qd3 Ne4 50. Qb5 1/2-1/2

[Event "XIV Weekend A"]
[Site "Porto Sant'Elpidio ITA"]
[Date "2011.11.27"]
[Round "5"]
[White "Iori, Massimiliano"]
[Black "Sagripanti, Michele"]
[Result "0-1"]
[WhiteElo "1981"]
[BlackElo "1987"]
[PlyCount "128"]
[EventDate "2011.11.19"]

1. d4 Nf6 2. c4 Nc6 3. Nf3 e6 4. g3 Bb4+ 5. Bd2 Qe7 6. Nc3 O-O 7. Bg2 d6 8. O-O
Bxc3 9. Bxc3 e5 10. dxe5 dxe5 11. Qc2 Rd8 12. e3 Bg4 13. a3 Qe6 14. b3 a5 15.
Ng5 Qe7 16. Rac1 h6 17. Ne4 Nd7 18. Bb2 Bf5 19. Qe2 Qe6 20. Rfd1 Qg6 21. f3
Bxe4 22. fxe4 Nc5 23. Qc2 Qg5 24. Qc3 Qg4 25. Qc2 Qg5 26. Qc3 Rxd1+ 27. Rxd1
Rd8 28. Rd5 b6 29. Bc1 Ra8 30. Bd2 Qg4 31. Qc2 a4 32. b4 Nb3 33. Be1 Qg5 34.
Qf2 Re8 35. Bh3 Re7 36. Bd7 Qg6 37. Bf5 Qf6 38. b5 g6 39. Bh3 Qxf2+ 40. Kxf2
Nca5 41. Rd8+ Kg7 42. Bb4 Nc5 43. Bxc5 bxc5 44. Bf1 Nb3 45. Ke1 f5 46. Bd3 Kf6
47. Bc2 Na5 48. exf5 gxf5 49. Bd3 f4 50. Kf2 e4 51. Bf1 f3 52. Rd5 Nb3 53. Bh3
Nc1 54. Bf1 Re5 55. Rd7 Re7 56. Rd5 Re5 57. Rd8 Re6 58. Rd5 Rd6 59. Rxc5 Rd2+
60. Ke1 Nb3 61. Rc6+ Kg5 62. h4+ Kg4 63. Rg6+ Kf5 64. Rxh6 f2# 0-1

[Event "XIV Weekend A"]
[Site "Porto Sant'Elpidio ITA"]
[Date "2011.11.27"]
[Round "5"]
[White "Medorini, Massimiliano"]
[Black "Balzano, Filli"]
[Result "1/2-1/2"]
[WhiteElo "1892"]
[BlackElo "1840"]
[PlyCount "84"]
[EventDate "2011.11.19"]

1. e4 c6 2. d4 d5 3. exd5 cxd5 4. Bd3 Nc6 5. c3 Nf6 6. Bf4 Bg4 7. Qb3 Qc8 8.
Nd2 e6 9. Ngf3 Be7 10. h3 Bh5 11. O-O O-O 12. Rfe1 a6 13. Rac1 b5 14. a4 Na5
15. Qc2 Nc4 16. Ng5 Bg6 17. Be5 Nxd2 18. Qxd2 Nd7 19. Bxg6 hxg6 20. axb5 axb5
21. Bf4 Nb6 22. b3 Ra3 23. Qb2 Qa6 24. Nf3 Ra2 25. Qb1 Qa3 26. Qd3 Qxb3 27. Rb1
Qc4 28. Qxc4 Nxc4 29. Rxb5 Rc2 30. Rb7 Ba3 31. Reb1 Rxc3 32. Rc7 Rc2 33. Rbb7
Rb2 34. Ra7 Rb1+ 35. Kh2 Bd6 36. Bxd6 Nxd6 37. Rd7 Rb6 38. Ne5 Nb5 39. Ra4 Nd6
40. Raa7 Nb5 41. Ra4 Nd6 42. Raa7 Nb5 1/2-1/2

[Event "XIV Weekend A"]
[Site "Porto Sant'Elpidio ITA"]
[Date "2011.11.27"]
[Round "5"]
[White "Pierantozzi, Stanislao"]
[Black "Guglielmi, Dante"]
[Result "1/2-1/2"]
[WhiteElo "1986"]
[BlackElo "1856"]
[PlyCount "84"]
[EventDate "2011.11.19"]

1. d4 d5 2. c4 e6 3. Nc3 Nf6 4. Nf3 Be7 5. Bg5 Nbd7 6. e3 O-O 7. Rc1 a6 8. Bd3
dxc4 9. Bxc4 b5 10. Bd3 c5 11. dxc5 Nxc5 12. Bc2 Bb7 13. O-O Nd5 14. Bxe7 Qxe7
15. Nxd5 Bxd5 16. b3 Rfd8 17. Qe2 Ne4 18. Rfd1 Rac8 19. Bxe4 Bxe4 20. Rxd8+
Rxd8 21. Rd1 h6 22. Rxd8+ Qxd8 23. Qd2 Qf6 24. Qd4 Qxd4 25. Nxd4 e5 26. Nf3
Bxf3 27. gxf3 Kf8 28. Kf1 Ke7 29. Ke2 Kd6 30. Kd3 f5 31. a3 a5 32. h4 g6 33.
Kc3 Kc5 34. Kd3 Kd6 35. Kd2 Ke6 36. Ke2 Kf6 37. f4 exf4 38. exf4 Ke6 39. Kd3
Kd5 40. b4 a4 41. f3 Ke6 42. Kd4 Kd6 1/2-1/2

[Event "XIV Weekend A"]
[Site "Porto Sant'Elpidio ITA"]
[Date "2011.11.27"]
[Round "5"]
[White "Ricci, Alessio"]
[Black "Mircoli, Filippo"]
[Result "1-0"]
[WhiteElo "1865"]
[BlackElo "1735"]
[PlyCount "59"]
[EventDate "2011.11.19"]

1. d4 e6 2. Nf3 Nf6 3. e3 d5 4. Bd3 c5 5. b3 cxd4 6. exd4 Nc6 7. a3 Bd6 8. Bb2
b6 9. O-O Bb7 10. Nbd2 Rc8 11. Ne5 O-O 12. f4 Nd7 13. Rf3 f5 14. Rh3 Nf6 15.
Ndf3 Qe8 16. Qe2 Ne4 17. Rc1 Qe7 18. b4 Nxe5 19. dxe5 Bb8 20. Nd4 a6 21. Bxa6
Rf7 22. Bxb7 Qxb7 23. Nxe6 Ba7 24. b5 Rc4 25. Nd4 Qc8 26. e6 Re7 27. Qh5 g6 28.
Qh6 Qc5 29. c3 Rxe6 30. Qxh7+ 1-0

[Event "XIV Weekend A"]
[Site "Porto Sant'Elpidio ITA"]
[Date "2011.11.27"]
[Round "5"]
[White "Rinaudo, Andrea"]
[Black "Marsili, Riccardo"]
[Result "1-0"]
[WhiteElo "2097"]
[BlackElo "2052"]
[PlyCount "145"]
[EventDate "2011.11.19"]

1. e4 c5 2. Nf3 Nc6 3. Bb5 g6 4. O-O Bg7 5. Nc3 Nd4 6. Bc4 e6 7. d3 Ne7 8. Nxd4
cxd4 9. Ne2 O-O 10. c3 dxc3 11. bxc3 d5 12. exd5 exd5 13. Bb3 Nc6 14. d4 Na5
15. Nf4 Nxb3 16. Qxb3 Qa5 17. Nxd5 Be6 18. Ne7+ Kh8 19. d5 Bxc3 20. Bb2 Bxb2
21. Qxb2+ f6 22. dxe6 Qc5 23. Qxb7 Rab8 24. Qd7 Rbd8 25. Rac1 Rxd7 26. Nxg6+
hxg6 27. Rxc5 Rd6 28. Ra5 a6 29. f4 Rxe6 30. f5 gxf5 31. Rfxf5 Rd8 32. Rfd5 Rb8
33. Rd2 Kg7 34. Kf2 Kg6 35. h3 Rc8 36. Re2 Rd6 37. Rb2 Rc3 38. Re2 Rcc6 39. Re3
Rc2+ 40. Kg1 Kf7 41. Rg3 Rb2 42. Kh2 Rb4 43. Rga3 Rbb6 44. h4 Kg6 45. Kh3 f5
46. Rg3+ Kf6 47. Rg5 Rb5 48. Rxb5 axb5 49. Rg3 Ra6 50. a3 f4 51. Rb3 Ra5 52.
Kg4 Ke5 53. h5 Kf6 54. Kxf4 Ra4+ 55. Kf3 Ra5 56. g4 Kg5 57. Kg3 Kh6 58. Kh4 Ra4
59. Rxb5 Rxa3 60. g5+ Kg7 61. Rb7+ Kg8 62. h6 Ra4+ 63. Kh5 Ra5 64. Rb6 Kh7 65.
Rd6 Rb5 66. Re6 Ra5 67. Re7+ Kg8 68. Kg6 Ra6+ 69. Kf5 Ra5+ 70. Kf6 Ra6+ 71. Re6
Ra8 72. g6 Kh8 73. Rd6 1-0

[Event "XIV Weekend A"]
[Site "Porto Sant'Elpidio ITA"]
[Date "2011.11.27"]
[Round "5"]
[White "Viviani, Alessio"]
[Black "Foglia, Maurizio"]
[Result "0-1"]
[WhiteElo "2028"]
[BlackElo "2163"]
[PlyCount "62"]
[EventDate "2011.11.19"]

1. d4 d5 2. c4 c6 3. Nc3 Nf6 4. Nf3 e6 5. Bg5 h6 6. Bxf6 Qxf6 7. e3 Nd7 8. Bd3
g6 9. O-O Bg7 10. a4 O-O 11. a5 dxc4 12. Bxc4 Qe7 13. Qc2 b5 14. axb6 Nxb6 15.
Be2 c5 16. Nb5 cxd4 17. Nfxd4 a6 18. Nc7 Rb8 19. Nxa6 Bxa6 20. Bxa6 Nd5 21. Nc6
Qc7 22. e4 Rxb2 23. Qc5 Qb6 24. Qd6 Nc3 25. e5 Ne4 26. Ne7+ Kh7 27. Qxb6 Rxb6
28. Bd3 Nc5 29. Bc2 Bxe5 30. Ra7 Bb8 31. Ra8 Bxh2+ 0-1

[Event "XIV Weekend A"]
[Site "Porto Sant'Elpidio ITA"]
[Date "2011.11.27"]
[Round "6"]
[White "Briffault, Philippe"]
[Black "Iori, Massimiliano"]
[Result "0-1"]
[WhiteElo "1962"]
[BlackElo "1981"]
[PlyCount "64"]
[EventDate "2011.11.19"]

1. d4 d5 2. c4 e6 3. Nc3 Nf6 4. Nf3 c6 5. e3 Bd6 6. Bd3 O-O 7. O-O Nbd7 8. e4
dxe4 9. Nxe4 Nxe4 10. Bxe4 Nf6 11. Bc2 h6 12. h3 Qc7 13. Qe2 b6 14. Re1 Bb7 15.
a3 c5 16. dxc5 Bxc5 17. b4 Be7 18. Bb2 Rad8 19. Rad1 Rxd1 20. Rxd1 Rd8 21. Bc3
Rxd1+ 22. Qxd1 Qxc4 23. Qd4 Qxd4 24. Nxd4 Ne4 25. Be1 Bf6 26. Nb3 Nc3 27. f3
Bd5 28. Kf1 Bc4+ 29. Kf2 Ne2 30. Ke3 Bg5+ 31. Ke4 f5+ 32. Ke5 Bf4# 0-1

[Event "XIV Weekend A"]
[Site "Porto Sant'Elpidio ITA"]
[Date "2011.11.27"]
[Round "6"]
[White "Di Lascio, Savino"]
[Black "Balzano, Filli"]
[Result "0-1"]
[WhiteElo "2015"]
[BlackElo "1840"]
[PlyCount "130"]
[EventDate "2011.11.19"]

1. Nf3 d5 2. b4 Nf6 3. Bb2 Bg4 4. h3 Bh5 5. d3 e6 6. a3 c5 7. b5 Qa5+ 8. Nbd2
Qxb5 9. Bxf6 gxf6 10. e4 d4 11. g4 Bg6 12. Nh4 Qd7 13. f4 f5 14. gxf5 exf5 15.
e5 Be7 16. Nhf3 f6 17. Bg2 Nc6 18. Rb1 Rb8 19. Qe2 O-O 20. Rg1 Kh8 21. Nh4 fxe5
22. Nxg6+ hxg6 23. fxe5 Rfe8 24. e6 Bh4+ 25. Kd1 Qxe6 26. Qxe6 Rxe6 27. Bd5 Rd6
28. Bf3 b5 29. Nb3 Ne5 30. Be2 c4 31. Nc5 Rc6 32. Na4 c3 33. Rb4 a5 34. Rb3 Nd7
35. Bf3 Re6 36. Nxc3 dxc3 37. Rxc3 Ne5 38. Bd5 Rd6 39. Bb3 Bf2 40. Rf1 Bb6 41.
Ba2 Kg7 42. Rb3 Nc4 43. Re1 Ne3+ 44. Kc1 Bd4 45. c3 Ba7 46. d4 f4 47. Rb2 Rc6
48. Kd2 Kf6 49. Kd3 Rbc8 50. Rc1 Rh8 51. Rxb5 Rxh3 52. Ke4 Rc7 53. Rxa5 Re7+
54. Re5 Ng2 55. Rb1 Re3+ 56. Kd5 R7xe5+ 57. dxe5+ Rxe5+ 58. Kd6 Bc5+ 59. Kc6
Bxa3 60. Bd5 Ne3 61. Bf3 Rc5+ 62. Kd7 Rxc3 63. Rb6+ Kg5 64. Be4 Nf5 65. Ke8 Re3
0-1

[Event "XIV Weekend A"]
[Site "Porto Sant'Elpidio ITA"]
[Date "2011.11.27"]
[Round "6"]
[White "Foglia, Maurizio"]
[Black "Rinaudo, Sergio"]
[Result "1-0"]
[WhiteElo "2163"]
[BlackElo "2141"]
[PlyCount "61"]
[EventDate "2011.11.19"]

1. d4 d5 2. Nf3 Nf6 3. g3 e6 4. Bg2 Be7 5. c4 dxc4 6. Qc2 a6 7. Qxc4 b5 8. Qc2
Bb7 9. Bd2 Be4 10. Qc1 O-O 11. Nc3 Bb7 12. O-O Nbd7 13. Rd1 c5 14. Bg5 c4 15.
Ne5 Bxg2 16. Kxg2 Nxe5 17. dxe5 Nd7 18. h4 Bxg5 19. hxg5 Qc7 20. Qf4 Rfd8 21.
Ne4 Nxe5 22. Rh1 Rd7 23. Qh4 Ng6 24. Qxh7+ Kf8 25. Nf6 Qc6+ 26. f3 Rd2 27. Rae1
gxf6 28. gxf6 Ke8 29. Qg8+ Nf8 30. Qxf8+ Kd7 31. Qe7+ 1-0

[Event "XIV Weekend A"]
[Site "Porto Sant'Elpidio ITA"]
[Date "2011.11.27"]
[Round "6"]
[White "Giobbi, Costantino"]
[Black "Ricci, Alessio"]
[Result "0-1"]
[WhiteElo "1882"]
[BlackElo "1865"]
[PlyCount "94"]
[EventDate "2011.11.19"]

1. b3 Nf6 2. Bb2 e6 3. e3 d5 4. Nf3 Bd6 5. d4 c5 6. Bd3 Nc6 7. O-O O-O 8. Nbd2
b6 9. a3 Qc7 10. c4 cxd4 11. exd4 Bb7 12. Rc1 Qe7 13. b4 dxc4 14. Nxc4 Bf4 15.
Ncd2 Rfd8 16. g3 Bh6 17. Rc2 Qd7 18. Bb5 Qd5 19. Bc4 Qf5 20. Re1 Rd7 21. Nh4
Qg5 22. Nb3 Nd5 23. Bc1 Qf6 24. Bb5 Rc7 25. Bxh6 Qxh6 26. Qc1 Qxc1 27. Rexc1
Rac8 28. Nf3 Nce7 29. Rxc7 Rxc7 30. Nfd2 Nc3 31. Bf1 Ned5 32. Bd3 Kf8 33. Kf1
Ke7 34. Ke1 f5 35. Bc4 Kd6 36. Bd3 g5 37. Nb1 Nxb1 38. Rxc7 Nxc7 39. Bxb1 Nb5
40. g4 Nxa3 41. Bd3 Be4 42. Bxe4 fxe4 43. Kd2 Kd5 44. Kc3 Nb5+ 45. Kd2 Nxd4 46.
Nc1 Nf3+ 47. Ke3 Nxh2 0-1

[Event "XIV Weekend A"]
[Site "Porto Sant'Elpidio ITA"]
[Date "2011.11.27"]
[Round "6"]
[White "Guglielmi, Dante"]
[Black "Sagripanti, Michele"]
[Result "1/2-1/2"]
[WhiteElo "1856"]
[BlackElo "1987"]
[PlyCount "95"]
[EventDate "2011.11.19"]

1. c4 e6 2. Nf3 d5 3. e3 Nf6 4. Nc3 c5 5. d4 Nc6 6. Be2 Be7 7. O-O O-O 8. dxc5
Bxc5 9. a3 a5 10. Qc2 Qe7 11. b3 Rd8 12. Bb2 h6 13. Rfd1 b6 14. Na4 Ba6 15.
cxd5 Bxe2 16. Qxe2 Rxd5 17. Rxd5 Nxd5 18. Qb5 Rc8 19. Nxc5 Na7 20. Qd7 Rxc5 21.
Qxe7 Nxe7 22. Bd4 Rb5 23. Rb1 Nac6 24. Ba1 Rd5 25. Kf1 f6 26. Nd4 Nxd4 27. Bxd4
b5 28. Rc1 e5 29. Bb6 Rd3 30. Bxa5 Rxb3 31. Rc5 Rxa3 32. Rxb5 Ra1+ 33. Ke2 Ra2+
34. Kf1 Ng6 35. g3 Kh7 36. Bd8 Rd2 37. Ba5 Rd1+ 38. Ke2 Rh1 39. h4 Ra1 40. Bd8
Ra2+ 41. Ke1 Ra8 42. Ba5 Rc8 43. Kd2 e4 44. Bc3 Rd8+ 45. Ke2 Rc8 46. Kd2 Rd8+
47. Ke2 Rc8 48. Kd2 1/2-1/2